000 00485cam a22001934a 4500
005 20250605163439.0
008 250528s ||||||||||||||||||||||||d
035 _a19409
020 _a9603900060
040 _aGR-AtMCL
_bgre
_dGR-AtMCL
_eAACR2
245 1 _aΤΟΥΡΙΣΤΙΚΟ ΜΑΡΚΕΤΙΝΓΚ
250 _a1
260 _bInterbooks,
_c1996
300 _a451
700 1 _aΗγουμενακης Νικος Γ
942 _cBK
999 _c4665
_d4665